000 00520nam a2200205Ia 4500
003 OSt
005 20140402091427.0
008 140130s9999 xx 000 0 und d
020 _a059042582x
050 _aE 185.61
_b .L5185 2006
100 _aLevine, Ellen
245 _cEllen Levine.
_aIf you lived at the time of Martin Luther King /
260 _bScholastic,
_c2006.
_aUSA :
300 _a80 p. :
_bcol. ill. ;
_c19 cm.
440 _v1
521 _aG6
526 _c810
942 _cBK
_2lcc
999 _c41178
_d41178